[Event "London Classic Open 2016"]
[Site "London ENG"]
[Date "2016.12.10"]
[Round "3.57"]
[White "Longson, Sarah N"]
[Black "Richardson, John R"]
[Result "1/2-1/2"]
[WhiteTitle "WFM"]
[BlackTitle "FM"]
[WhiteElo "2040"]
[BlackElo "2248"]
[WhiteFideId "2501465"]
[BlackFideId "401617"]
[EventDate "2016.12.09"]

1. e4 c6 2. d4 d5 3. f3 dxe4 4. fxe4 e5 5. Nf3 Bg4 6. Bc4 Nd7 7. O-O Ngf6 8. c3
Bd6 9. Be3 O-O 10. Nbd2 Qc7 11. Qc2 b5 12. Bd3 Rfe8 13. a4 a6 14. axb5 axb5 15.
Kh1 Bh5 16. Bg1 Qb7 17. Qb3 Rxa1 18. Rxa1 Ra8 19. Rxa8+ Qxa8 20. Bb1 Qb8 21. Bd3
h6 22. Qa2 Qb7 23. Qa5 Bc7 24. Qa3 Qb8 25. Qa6 Bb6 26. Nxe5 Nxe5 27. dxe5 Bxg1
28. Kxg1 Qd8 29. exf6 Qxd3 30. Qc8+ Kh7 31. Qf5+ Bg6 32. Qf2 gxf6 33. Nf1 Kg7
34. h4 Qxe4 35. Qg3 h5 36. b4 f5 37. Qf2 f4 38. Nd2 Qe3 39. Kf1 Bd3+ 40. Kg1 f5
41. Nb3 Kf6 42. Nd4 Be4 43. Ne2 Ke5 44. g3 Qxf2+ 45. Kxf2 f3 46. Nf4 Bd5 47.
Nxh5 Bf7 48. Nf4 Ke4 49. h5 Bg8 50. h6 Bh7 51. Ne6 Kd3 52. Nd8 Kxc3 53. Nxc6 Kc4
54. Kxf3 Kd5 55. Na5 Ke5 56. Ke3 Kf6 57. Nb3 Kg5 58. Nd4 Kg4 59. Kf2 f4 60. gxf4
Kxf4 61. Ne6+ Ke5 62. Ng5 Bb1 63. Ke3 Kd5 64. h7 Bxh7 65. Nxh7 Kc4 66. Kd2 Kxb4
67. Kc1 1/2-1/2

[Event "London Classic Open 2016"]
[Site "London ENG"]
[Date "2016.12.10"]
[Round "3.58"]
[White "Lentzos, Ioanis"]
[Black "Rydstrom, Tom"]
[Result "0-1"]
[BlackTitle "FM"]
[WhiteElo "2035"]
[BlackElo "2239"]
[WhiteFideId "4255470"]
[BlackFideId "1714830"]
[EventDate "2016.12.09"]

1. c4 e5 2. Nc3 Nf6 3. Nf3 Nc6 4. d4 exd4 5. Nxd4 Bb4 6. Bg5 h6 7. Bh4 Bxc3+ 8.
bxc3 Ne5 9. e3 d6 10. f3 O-O 11. Be2 Re8 12. O-O c6 13. e4 Ng6 14. Bf2 Nf4 15.
Re1 d5 16. cxd5 cxd5 17. Bb5 Bd7 18. e5 Nh7 19. Qd2 Ng6 20. f4 Rc8 21. Bd3 Nhf8
22. Bg3 Qa5 23. Rac1 Ne7 24. f5 Nc6 25. Nxc6 Rxc6 26. Rf1 d4 27. f6 dxc3 28. Qf4
Ne6 29. Qg4 Qc5+ 30. Kh1 Qd4 31. Qe2 Nc5 32. Rcd1 Nxd3 33. Qc2 Nb4 34. Rxd4 Nxc2
35. Rxd7 Ne3 36. Rc1 Nf5 37. Be1 c2 38. Rxb7 Rxe5 39. Rb8+ Kh7 40. fxg7 Kxg7 41.
Bf2 Rd5 42. Re8 Rd1+ 43. Re1 Rxe1+ 44. Bxe1 Nd4 45. Bd2 Ne2 46. Re1 c1=Q 47.
Bxc1 Nxc1 48. a3 Nd3 49. Ra1 Ra6 50. Ra2 Nb4 51. Rb2 Rxa3 0-1

[Event "London Classic Open 2016"]
[Site "London ENG"]
[Date "2016.12.10"]
[Round "3.59"]
[White "Player, Edmund C"]
[Black "Brozel, Sacha"]
[Result "1/2-1/2"]
[WhiteElo "2239"]
[BlackElo "2035"]
[WhiteFideId "406520"]
[BlackFideId "429317"]
[EventDate "2016.12.09"]

1. e4 c5 2. Nf3 e6 3. c4 Nc6 4. Nc3 e5 5. Be2 g6 6. a3 Bg7 7. b4 d6 8. Rb1 b6 9.
O-O Nge7 10. d3 O-O 11. h3 f5 12. exf5 Bxf5 13. Nh2 h6 14. Ng4 g5 15. Bf3 Rc8
16. Ne3 Nd4 17. Bg4 Bxg4 18. Qxg4 Rf4 19. Qd1 Rf7 20. Ned5 Nef5 21. Ne2 Ne6 22.
Ng3 Nxg3 23. fxg3 Qd7 24. Rxf7 Qxf7 25. Be3 Rf8 26. Rb2 Qd7 27. Qg4 Qe8 28. Qe4
Qd7 29. Rf2 Rxf2 30. Bxf2 Qf7 31. Qf3 Qf8 32. bxc5 dxc5 33. Qxf8+ Kxf8 34. Kf1
Ke8 35. Ke2 Kd7 36. Kf3 Nd4+ 37. Ke4 Kd6 38. a4 Nc2 39. Ne3 Nxe3 40. Bxe3 Ke6
41. Bd2 a5 42. Kf3 Kf5 43. Be3 Bf6 44. g4+ Ke6 45. h4 Be7 46. Ke4 Bf6 47. g3 Be7
48. Bd2 Bf6 49. Bc1 Be7 50. Bb2 Bf6 51. Ba1 Bg7 1/2-1/2

[Event "London Classic Open 2016"]
[Site "London ENG"]
[Date "2016.12.10"]
[Round "3.60"]
[White "Millward, Kevin P"]
[Black "Stephan, Axel"]
[Result "1/2-1/2"]
[WhiteElo "2027"]
[BlackElo "2239"]
[WhiteFideId "404721"]
[BlackFideId "4632834"]
[EventDate "2016.12.09"]

1. d4 Nf6 2. Bf4 c5 3. e3 e6 4. c3 b6 5. Nf3 Be7 6. h3 O-O 7. Bd3 Ba6 8. O-O d5
9. Bxa6 Nxa6 10. Nbd2 b5 11. Qe2 Qb6 12. b3 Rfc8 13. a4 bxa4 14. Rxa4 Nc7 15. c4
Qb7 16. Rfa1 Nce8 17. Ra6 Rc6 18. R6a5 dxc4 19. bxc4 Bd8 20. Rb5 Bb6 21. Rab1
Qe7 22. Ne5 Rcc8 23. Qd3 Nd7 24. Ne4 f6 25. Nxd7 Qxd7 26. d5 e5 27. Bg3 Nd6 28.
Nxd6 Qxd6 29. f4 Re8 30. fxe5 fxe5 31. Qe4 Rab8 32. Qf5 g6 33. Qd3 Bc7 34. Rxb8
Rxb8 35. Rxb8+ Bxb8 36. Qc3 Bc7 37. e4 Qe7 38. Qa3 Bd6 39. Qa6 Qc7 40. Kf2 Kf7
41. Ke2 Kg7 42. Be1 Kf7 43. Ba5 Qb8 44. Qb5 Ke7 45. Qxb8 Bxb8 46. Kd3 Bd6 47.
Kc3 Kd7 48. Kb3 Kc8 49. Ka4 Be7 50. Bc3 Bd6 51. Kb5 Kb7 52. Bd2 a6+ 53. Ka4 Ka7
54. Ba5 Kb7 55. Bd8 Kc8 56. Bf6 Kb7 57. Bg7 Kb6 58. Bh6 Kb7 59. Bd2 Kb6 60. Ba5+
Kb7 61. Kb3 Kc8 62. Kc2 Kd7 63. Kd2 Ke7 64. Ke3 Ke8 65. Kf3 Kf7 66. Kg4 Kg7 67.
Bb6 h5+ 68. Kf3 Kf7 69. g4 Kg7 70. gxh5 gxh5 71. Kg3 Kh6 72. Bd8 Kh7 73. Kh4 Kh6
74. Bg5+ Kg6 75. Bd8 Kh6 76. Ba5 Be7+ 77. Kg3 Bd6 78. Kf3 Kg6 79. Kg3 Kf6 80.
Bd8+ Kf7 81. Bg5 Kg6 82. Bd8 Kg7 83. Bb6 Kf6 84. Bd8+ Kf7 1/2-1/2

[Event "London Classic Open 2016"]
[Site "London ENG"]
[Date "2016.12.10"]
[Round "3.61"]
[White "Hill, Alistair"]
[Black "Czopor, Maciej"]
[Result "1/2-1/2"]
[WhiteElo "2237"]
[BlackElo "2035"]
[WhiteFideId "432407"]
[BlackFideId "21805431"]
[EventDate "2016.12.09"]

1. e4 c5 2. Nf3 e6 3. c3 d5 4. exd5 exd5 5. d4 Nf6 6. Bb5+ Bd7 7. Qe2+ Be7 8.
Ne5 O-O 9. Nxd7 Nbxd7 10. O-O Re8 11. Qf3 a6 12. Ba4 b5 13. Bc2 Qb6 14. Qd3 c4
15. Qh3 Nf8 16. Nd2 b4 17. Nf3 Qa5 18. Ne5 Bd6 19. Bf4 Ne6 20. Bd2 Qc7 21. Rae1
bxc3 22. bxc3 Rab8 23. Ba4 Rf8 24. Nxf7 Rxf7 25. Rxe6 Ne4 26. Bc1 Rbf8 27. Bc2
Qd7 28. Bxe4 dxe4 29. Rxe4 Qxh3 30. gxh3 Rf3 31. Re3 R8f5 32. Kg2 Rxe3 33. Bxe3
Ra5 34. Ra1 Ra3 35. Bd2 Bc7 36. Kf3 Ba5 37. Ke4 Bxc3 38. Bxc3 Rxc3 39. Kd5 Kf7
40. Re1 Rxh3 41. Kxc4 Rxh2 42. Re2 Rh1 43. d5 Rc1+ 44. Kd4 Rd1+ 45. Kc5 Rc1+ 46.
Kd6 h5 47. Kd7 h4 48. Re3 g5 49. d6 g4 50. Re7+ Kf8 51. Rh7 h3 52. Kd8 Rc2 53.
Rh4 Rxf2 54. Rxg4 h2 55. Rh4 Rc2 56. a4 a5 57. d7 Kf7 58. Rf4+ Kg7 59. Rf1 Kg6
60. Rh1 Kf7 61. Rf1+ Kg6 62. Ke7 Re2+ 63. Kd6 Rd2+ 64. Kc6 Rc2+ 65. Kb6 Rd2 66.
Rh1 Rxd7 67. Rxh2 Rd5 68. Kc6 Rf5 69. Rb2 Kf7 70. Rb5 Rxb5 71. Kxb5 Ke7 72. Kxa5
Kd7 73. Kb6 Kc8 74. a5 1/2-1/2

[Event "London Classic Open 2016"]
[Site "London ENG"]
[Date "2016.12.10"]
[Round "3.62"]
[White "Lochte, Thomas"]
[Black "Stigar, Petter"]
[Result "0-1"]
[BlackTitle "FM"]
[WhiteElo "2005"]
[BlackElo "2236"]
[WhiteFideId "4606272"]
[BlackFideId "1500341"]
[EventDate "2016.12.09"]

1. e4 e6 2. d4 d5 3. Nd2 dxe4 4. Nxe4 Nd7 5. Nf3 Ngf6 6. Bd3 c5 7. Nxf6+ Nxf6 8.
O-O cxd4 9. Nxd4 Bc5 10. Be3 Bb6 11. c3 O-O 12. Bg5 h6 13. Bh4 e5 14. Nf3 g5 15.
Nxg5 hxg5 16. Bxg5 e4 17. Qc1 exd3 18. Qf4 Nd5 19. Qg3 Qd7 20. h3 Qf5 21. c4 Qg6
22. Qe5 Nc7 23. c5 Re8 24. Qg3 Bxc5 25. Rac1 Ne6 26. Rc4 Nxg5 27. Rxc5 Nxh3+ 28.
gxh3 Qxg3+ 29. fxg3 Bxh3 30. Rd1 Rad8 31. Rg5+ Kf8 32. Kh2 0-1

[Event "London Classic Open 2016"]
[Site "London ENG"]
[Date "2016.12.10"]
[Round "3.63"]
[White "Bin-Suhayl, Ieysaa"]
[Black "Aradhya, Garg"]
[Result "0-1"]
[WhiteElo "1988"]
[BlackElo "2231"]
[WhiteFideId "429031"]
[BlackFideId "25006746"]
[EventDate "2016.12.09"]

1. Nf3 d5 2. c4 c6 3. d4 Nf6 4. e3 Bf5 5. Bd3 Bxd3 6. Qxd3 e6 7. Nc3 Nbd7 8. O-O
Bb4 9. Bd2 a5 10. a3 Be7 11. e4 Nc5 12. dxc5 dxe4 13. Qxd8+ Rxd8 14. Be3 exf3
15. gxf3 Nd7 16. Ne4 Ne5 17. Kg2 Nxc4 18. Bf4 g5 19. Bg3 Nd2 20. Bc7 Nxf1 21.
Bxd8 Kxd8 22. Rxf1 Kc7 23. b4 axb4 24. axb4 Rd8 25. Rb1 Rd4 26. Nc3 h6 27. Na4
Bf6 28. Nc3 Rd2 29. Ne4 Rb2 30. Rxb2 Bxb2 31. Nd6 f5 32. Nf7 Kd7 33. Nd6 b5 34.
h4 gxh4 35. Kh3 Bd4 36. Kxh4 Bxf2+ 37. Kh5 Be1 38. Nf7 Bxb4 39. Ne5+ Kc7 40. Nd3
Bd2 41. f4 b4 42. Kxh6 b3 43. Kg6 Bc3 44. Kf7 Kd7 45. Kf8 b2 46. Nxb2 Bxb2 47.
Kf7 Bd4 48. Kg6 Bxc5 49. Kf7 Bd6 50. Kf6 c5 51. Kf7 c4 52. Kf6 c3 53. Kf7 c2 54.
Kf6 c1=Q 55. Kf7 Qxf4 56. Kf6 Be5+ 57. Kg6 Qh4 58. Kf7 Qf6+ 59. Kg8 Qg7# 0-1

[Event "London Classic Open 2016"]
[Site "London ENG"]
[Date "2016.12.10"]
[Round "3.64"]
[White "Chan, Kim Yew"]
[Black "Mladek, Richard"]
[Result "0-1"]
[WhiteElo "2231"]
[BlackElo "2024"]
[WhiteFideId "5717981"]
[BlackFideId "386588"]
[EventDate "2016.12.09"]

1. d4 Nf6 2. c4 c5 3. d5 b5 4. cxb5 a6 5. b6 d6 6. Nc3 Nbd7 7. a4 Qxb6 8. a5 Qc7
9. e4 g6 10. Nf3 Bg7 11. Be2 O-O 12. O-O Rb8 13. Nd2 Ne8 14. Nc4 e5 15. dxe6
fxe6 16. Bg5 Ne5 17. Nb6 Bb7 18. Qb3 Qf7 19. Bc4 Nc7 20. Rad1 h6 21. Bh4 g5 22.
Bg3 Rfd8 23. Rd2 Nxc4 24. Qxc4 Bd4 25. e5 dxe5 26. Qe2 Qf5 27. Rfd1 Nd5 28.
Ncxd5 exd5 29. b4 cxb4 30. Rxd4 exd4 31. Bxb8 Rxb8 32. Qe7 Rf8 33. Rf1 Bc6 34.
Qc5 Bb5 35. Nxd5 Kh7 36. Qxd4 Bxf1 37. Ne3 Qxf2+ 38. Kh1 Bxg2+ 39. Nxg2 Qxd4 0-1

[Event "London Classic Open 2016"]
[Site "London ENG"]
[Date "2016.12.10"]
[Round "3.65"]
[White "Boel, Marcel"]
[Black "Iyengar, Ilya"]
[Result "1-0"]
[WhiteElo "2219"]
[BlackElo "2008"]
[WhiteFideId "1008870"]
[BlackFideId "405949"]
[EventDate "2016.12.09"]

1. e4 c5 2. Nf3 e6 3. d4 cxd4 4. Nxd4 Nf6 5. Nc3 d6 6. Be2 a6 7. O-O Qc7 8. Be3
Be7 9. f4 O-O 10. a4 Nc6 11. Bf3 Nxd4 12. Bxd4 e5 13. Be3 exf4 14. Bxf4 Be6 15.
Kh1 Rac8 16. Qd2 Nd7 17. Rac1 Ne5 18. Nd5 Bxd5 19. Qxd5 Bf6 20. b3 Rfd8 21. c4
Qb6 22. Bd1 Rc5 23. Be3 Qc7 24. Qd2 Rc6 25. Be2 Re8 26. Bf3 Qe7 27. Rcd1 h6 28.
Qe2 Bg5 29. Rd5 Bxe3 30. Qxe3 b6 31. Rfd1 a5 32. Qd4 Rd8 33. Rxe5 1-0

[Event "London Classic Open 2016"]
[Site "London ENG"]
[Date "2016.12.10"]
[Round "3.66"]
[White "Pollack, Oscar"]
[Black "Grant, Jonathan I M"]
[Result "0-1"]
[WhiteElo "1985"]
[BlackElo "2218"]
[WhiteFideId "429414"]
[BlackFideId "2400294"]
[EventDate "2016.12.09"]

1. d4 Nf6 2. Bg5 e6 3. Nd2 h6 4. Bxf6 Qxf6 5. c3 d6 6. e3 Nd7 7. Bd3 Qd8 8. Ne2
Be7 9. Nf4 Nf6 10. Ne4 Bd7 11. Ng3 c5 12. Ngh5 Nxh5 13. Nxh5 g6 14. Nf4 Bg5 15.
Qf3 cxd4 16. exd4 O-O 17. Qg3 Bh4 18. Qe3 e5 19. dxe5 Re8 20. O-O Rxe5 21. Qd4
Bc6 22. Rae1 Bf6 23. Qc4 d5 24. Qc5 Qd7 25. Rxe5 Bxe5 26. Ne2 Qc7 27. g3 a6 28.
f4 Bd6 29. Qf2 Re8 30. Nd4 Qe7 31. f5 g5 32. f6 Qe3 33. Qxe3 Rxe3 34. Nxc6 Rxd3
35. Nd8 Bc5+ 36. Kh1 b6 37. Re1 g4 38. Nc6 Rd2 39. Ne5 h5 40. b4 Bf2 41. Ra1 d4
42. Nc4 Rc2 43. Nxb6 dxc3 44. Nd5 Bd4 45. a4 Rd2 46. Nxc3 Bxc3 47. Rb1 Rb2 48.
Rxb2 Bxb2 49. b5 axb5 50. axb5 Bd4 51. h3 Kh7 52. hxg4 hxg4 53. Kg2 Kg6 54. Kf1
Kxf6 55. Ke2 Ke5 56. Kd3 Kd5 57. Ke2 Ke4 0-1

[Event "London Classic Open 2016"]
[Site "London ENG"]
[Date "2016.12.10"]
[Round "3.67"]
[White "Willmoth, Robert F"]
[Black "Stolarczyk, Anna"]
[Result "1-0"]
[WhiteTitle "CM"]
[BlackTitle "WCM"]
[WhiteElo "2216"]
[BlackElo "1992"]
[WhiteFideId "402540"]
[BlackFideId "1126423"]
[EventDate "2016.12.09"]

1. Nf3 d5 2. g3 g6 3. Bg2 Bg7 4. O-O Nf6 5. d4 O-O 6. b3 c5 7. e3 Nc6 8. Bb2 Ne4
9. h3 b6 10. Qe2 a5 11. c4 Ba6 12. Rd1 Qc7 13. dxc5 dxc4 14. Bxg7 Kxg7 15. cxb6
Qxb6 16. bxc4 Rac8 17. Qc2 Nf6 18. Nbd2 Nb4 19. Qb3 a4 20. Qxa4 Bxc4 21. Nxc4
Rxc4 22. Nd2 Rc5 23. Rab1 Nfd5 24. Bxd5 Rxd5 25. Rxb4 1-0

[Event "London Classic Open 2016"]
[Site "London ENG"]
[Date "2016.12.10"]
[Round "3.68"]
[White "Czajkowski, Adam"]
[Black "Misyura, Ilya"]
[Result "1-0"]
[WhiteElo "2212"]
[BlackElo "1989"]
[WhiteFideId "1151932"]
[BlackFideId "434183"]
[EventDate "2016.12.09"]

1. e4 e6 2. Nf3 d5 3. Nc3 d4 4. Ne2 c5 5. Ng3 a6 6. a4 Nc6 7. Bc4 Bd6 8. O-O
Nge7 9. d3 O-O 10. Ng5 h6 11. Nh3 Na5 12. Ba2 Bxg3 13. hxg3 Bd7 14. Qh5 Ng6 15.
Qxc5 e5 16. Bd2 b6 17. Qd6 Nb7 18. Qxg6 Qc8 19. Bxh6 1-0

[Event "London Classic Open 2016"]
[Site "London ENG"]
[Date "2016.12.10"]
[Round "3.69"]
[White "Jennings, Richard"]
[Black "Thuesen, Mogens"]
[Result "0-1"]
[WhiteElo "1879"]
[BlackElo "2212"]
[WhiteFideId "2404435"]
[BlackFideId "1400878"]
[EventDate "2016.12.09"]

1. c4 Nf6 2. Nc3 c5 3. g3 d5 4. cxd5 Nxd5 5. Bg2 Nc7 6. d3 e5 7. Nf3 Nc6 8. O-O
Be7 9. b3 O-O 10. Bb2 Be6 11. Rc1 b6 12. Nd2 Qd7 13. Nc4 f6 14. e3 Rad8 15. Qe2
b5 16. Nd2 Nb4 17. d4 cxd4 18. exd4 exd4 19. Nce4 d3 20. Qe3 Ncd5 21. Qd4 Nxa2
22. Ra1 Ndb4 23. Qxd7 Rxd7 24. Ba3 Rc8 25. f3 f5 26. Nf2 Rc2 27. Rfe1 Kf7 28.
Nf1 d2 29. Red1 Nc3 30. Ne3 Nxd1 31. Nfxd1 Bc5 32. Bxb4 Bxe3+ 33. Kf1 Rc1 34.
Bc3 Bxb3 35. Ke2 Bxd1+ 36. Kxe3 Rxc3+ 37. Kf4 Ba4 0-1

[Event "London Classic Open 2016"]
[Site "London ENG"]
[Date "2016.12.10"]
[Round "3.70"]
[White "Haessel, Dale R."]
[Black "Pein, Jonathan"]
[Result "0-1"]
[WhiteTitle "FM"]
[WhiteElo "2208"]
[BlackElo "1971"]
[WhiteFideId "2012618"]
[BlackFideId "417092"]
[EventDate "2016.12.09"]

1. d4 Nf6 2. c4 g6 3. Nc3 Bg7 4. e4 O-O 5. Be2 d6 6. Be3 e5 7. d5 a5 8. g4 Na6
9. g5 Ne8 10. h4 f5 11. gxf6 Nxf6 12. h5 Nc5 13. hxg6 hxg6 14. Bf3 Bd7 15. Nh3
Qc8 16. Ng5 Bg4 17. Bxg4 Qxg4 18. Qxg4 Nxg4 19. Bxc5 dxc5 20. Nd1 Rf4 21. f3 Bh6
22. Ne6 Rxf3 23. Rg1 Nh2 24. Ke2 Kh7 25. Rg2 Rh3 26. Nxc7 Rc8 27. Ne6 Nf3 28.
Nf2 Nd4+ 29. Nxd4 Re3+ 30. Kd1 cxd4 31. b3 Rf8 32. Rh2 Kg7 33. Rb1 d3 34. Rb2
Ref3 35. d6 d2 36. d7 Rxf2 37. Rxf2 Rxf2 38. d8=Q Rf1+ 39. Ke2 Re1+ 40. Kf2 d1=Q
41. Qe7+ Kg8 42. Qe6+ Kh7 43. Qe7+ Bg7 44. Qh4+ Kg8 0-1

[Event "London Classic Open 2016"]
[Site "London ENG"]
[Date "2016.12.10"]
[Round "3.71"]
[White "Giakoustidis, Spiros-Avgerinos"]
[Black "Lyell, Mark"]
[Result "0-1"]
[BlackTitle "FM"]
[WhiteElo "1800"]
[BlackElo "2203"]
[WhiteFideId "4208668"]
[BlackFideId "402354"]
[EventDate "2016.12.09"]

1. d4 e6 2. e4 d5 3. e5 c5 4. c3 Nc6 5. Nf3 Qb6 6. a3 Nh6 7. b4 cxd4 8. cxd4 Nf5
9. Bb2 Bd7 10. g4 Nfe7 11. Nc3 Na5 12. Na4 Qc6 13. b5 Qc7 14. Nc5 Nc4 15. Bxc4
dxc4 16. a4 Nd5 17. Ba3 Bxc5 18. Bxc5 Qa5+ 19. Kf1 b6 20. Bd6 Bc8 21. Nd2 Bb7
22. Rg1 Qc3 23. Nf3 Nf4 24. Rg3 Nd3 25. Ne1 Be4 26. Nc2 Rc8 27. Bb4 Qb2 28. Rb1
Nxf2 29. Rxb2 Nxd1 30. Ra2 c3 31. Ke2 Nb2 32. Rxc3 Rxc3 33. Bxc3 Bxc2 34. Bxb2
Kd7 35. Kd2 Be4 36. Ra3 h5 37. g5 h4 38. a5 Rc8 39. Bc3 Rc7 40. axb6 axb6 41.
Ke3 Bd5 42. Bb4 Bc4 43. Bd6 Rb7 44. Ra8 Bxb5 45. Rh8 Kc6 46. Rxh4 Kd5 47. Rh7 g6
48. h4 Ba6 49. Rh8 Bf1 50. h5 gxh5 51. Rxh5 Bg2 52. Rh8 Kc4 53. Rh2 Bd5 54. Rb2
Kc3 55. Rb4 b5 56. Bc5 Bc4 57. Kf4 Rd7 58. Rb1 Rb7 59. Rb4 Bd3 60. Ke3 Rb8 61.
d5 exd5 62. Rf4 Bg6 63. Bd4+ Kb3 64. Rf6 b4 65. Kd2 Kc4 66. e6 Kxd4 67. exf7 b3
68. Rxg6 b2 69. f8=Q Rxf8 70. Rb6 Rf2+ 71. Ke1 Rc2 72. Rb4+ Kc3 73. Rb8 Rc1+ 0-1

[Event "London Classic Open 2016"]
[Site "London ENG"]
[Date "2016.12.10"]
[Round "3.72"]
[White "Haribalu, V."]
[Black "O'Molloy, Eamonn"]
[Result "1/2-1/2"]
[WhiteElo "2201"]
[BlackElo "1942"]
[WhiteFideId "5015189"]
[BlackFideId "2505843"]
[EventDate "2016.12.09"]

1. e4 e5 2. d4 exd4 3. Qxd4 Nc6 4. Qe3 g6 5. Nc3 Bg7 6. Bd2 Nge7 7. O-O-O O-O 8.
Qg3 d6 9. h4 h5 10. Nh3 Ne5 11. Be2 Bg4 12. f3 Bd7 13. f4 Ng4 14. f5 Ne5 15. Nf4
Nxf5 16. exf5 Bxf5 17. Rdf1 Bg4 18. Bxg4 Nxg4 19. Ne4 Qe8 20. Nf2 Ne5 21. Bc3 b5
22. Nd5 Qe6 23. Nxc7 Qxa2 24. Bxe5 Bxe5 25. Qa3 Bf4+ 26. Kd1 Qb1+ 27. Ke2 Qxc2+
28. Kf3 Be5 29. Nxa8 Qf5+ 30. Ke2 Qc2+ 31. Kf3 Qf5+ 32. Ke2 Qc2+ 33. Ke3 Bxb2
34. Qd3 Re8+ 35. Ne4 Qc5+ 36. Kf3 Qf5+ 37. Ke3 Qc5+ 38. Kf3 Qf5+ 39. Ke3 Qc5+ 1/2-1/2

[Event "London Classic Open 2016"]
[Site "London ENG"]
[Date "2016.12.10"]
[Round "3.74"]
[White "Karayiannis, Costas"]
[Black "Newton, Andrew"]
[Result "1-0"]
[WhiteElo "2159"]
[BlackElo "1887"]
[WhiteFideId "405183"]
[BlackFideId "2403285"]
[EventDate "2016.12.09"]

1. d4 d5 2. c4 c6 3. Nf3 Nf6 4. Nc3 e6 5. e3 Nbd7 6. Qc2 Bd6 7. Bd3 dxc4 8. Bxc4
b5 9. Be2 Bb7 10. O-O O-O 11. Rd1 Qc7 12. a3 a6 13. b4 a5 14. Bd2 axb4 15. axb4
e5 16. Bd3 exd4 17. exd4 Rxa1 18. Rxa1 Re8 19. Qb1 Nb6 20. Bg5 Nbd5 21. Nxd5
Nxd5 22. Bxh7+ Kh8 23. Bd2 Bxb4 24. Bxb4 Nxb4 25. Qxb4 Kxh7 26. Qc5 g6 27. h3
Qe7 28. Qb6 Ra8 29. Re1 Ra6 30. Qxa6 Qxe1+ 31. Nxe1 Bxa6 32. Nc2 Kg7 33. Nb4 Bb7
34. f4 f5 35. Kf2 Kf6 36. Ke3 Ke6 37. g3 Kf6 38. Nd3 Bc8 39. Ne5 Bb7 40. Kd3 g5
41. Kc3 gxf4 42. gxf4 Kg7 43. Kb4 Kh6 44. Nf7+ Kg6 45. Nd6 Ba8 46. Kc5 Kf6 47.
Ne8+ Kg6 48. Nc7 Bb7 49. Ne6 Kf6 50. Kd6 b4 51. Nc5 Kg6 52. Kc7 Ba6 53. Kxc6 Bc4
54. d5 b3 55. Na4 Kf6 56. Nb2 Ba6 57. d6 Ke6 58. h4 Bb5+ 59. Kxb5 Kxd6 60. Kc4
Ke6 61. Kxb3 Kf6 62. Kc4 Kg6 63. Kd4 1-0

[Event "London Classic Open 2016"]
[Site "London ENG"]
[Date "2016.12.10"]
[Round "3.75"]
[White "Bates, Caspar J"]
[Black "Rogacewicz, Mikolaj"]
[Result "1/2-1/2"]
[WhiteElo "2156"]
[BlackElo "1765"]
[WhiteFideId "414760"]
[BlackFideId "21842981"]
[EventDate "2016.12.09"]

1. Nf3 Nf6 2. c4 b6 3. b3 Bb7 4. Bb2 g6 5. Nc3 Bg7 6. Qc2 O-O 7. d4 c5 8. d5 e6
9. e4 exd5 10. exd5 Re8+ 11. Be2 d6 12. O-O Nbd7 13. Rae1 Qe7 14. Nb5 Rec8 15.
Bd3 Qf8 16. Bc1 a6 17. Nc3 Re8 18. h3 Rxe1 19. Rxe1 Re8 20. Rxe8 Qxe8 21. Bf4
Qe7 22. Kf1 Nh5 23. Bh2 Ne5 24. Be2 Nxf3 25. Bxf3 Nf6 26. Qd2 Bc8 27. Na4 Nd7
28. Bg4 f5 29. Be2 Qf6 30. Bd3 Kf8 31. Bf4 Qa1+ 32. Qe1 Qf6 33. Bd2 Qd8 34. f4
Nf6 35. Nc3 Bd7 1/2-1/2

[Event "London Classic Open 2016"]
[Site "London ENG"]
[Date "2016.12.10"]
[Round "3.76"]
[White "Batchelor, Peter J"]
[Black "Ignatovic, Ernest"]
[Result "1-0"]
[WhiteTitle "FM"]
[WhiteElo "2365"]
[BlackElo "1630"]
[WhiteFideId "424854"]
[BlackFideId "12806986"]
[EventDate "2016.12.09"]

1. d4 Nf6 2. c4 d6 3. Nf3 g6 4. Nc3 Bf5 5. Bg5 Bg7 6. e3 O-O 7. Bd3 Bxd3 8. Qxd3
Nbd7 9. O-O e5 10. b4 Re8 11. Qc2 h6 12. Bh4 g5 13. Bg3 Nh5 14. Rad1 Nxg3 15.
hxg3 c6 16. Ne4 Nf6 17. Nxf6+ Qxf6 18. dxe5 dxe5 19. Rd7 Qe6 20. Rfd1 e4 21.
R1d6 Qf5 22. Nd4 Bxd4 23. Rxd4 Rab8 24. c5 Qe5 25. Qc4 Re6 26. a4 h5 27. Rd8+
Rxd8 28. Rxd8+ Kg7 29. a5 a6 30. Rd7 Re7 31. Rd6 Qa1+ 32. Kh2 Qe5 33. Qe2 h4 34.
Qg4 hxg3+ 35. Qxg3 Qf5 36. Qh3 Qe5+ 37. g3 Re6 38. Qh5 Rxd6 39. cxd6 Qxd6 40.
Qxg5+ Qg6 41. Qe5+ Qf6 42. Qxe4 Qxf2+ 43. Kh3 Kf6 44. Qf4+ Qxf4 45. exf4 Ke6 46.
g4 Kd5 47. g5 Kc4 48. f5 Kxb4 49. g6 fxg6 50. fxg6 Kxa5 51. g7 c5 52. g8=Q Kb4
53. Qc8 b5 54. Qxa6 c4 55. Kg3 c3 56. Qa2 Kc5 57. Kf3 Kd4 58. Ke2 b4 59. Qb3 Kc5
60. Kd3 Kb5 61. Kd4 Ka5 62. Kc5 c2 63. Qa2# 1-0

[Event "London Classic Open 2016"]
[Site "London ENG"]
[Date "2016.12.10"]
[Round "3.77"]
[White "Grigoryan, Meri"]
[Black "Eames, Robert S"]
[Result "1-0"]
[WhiteTitle "WFM"]
[BlackTitle "FM"]
[WhiteElo "1972"]
[BlackElo "2187"]
[WhiteFideId "13300571"]
[BlackFideId "408743"]
[EventDate "2016.12.09"]

1. e4 e5 2. Nf3 Nc6 3. Bc4 Nf6 4. d3 Be7 5. O-O O-O 6. a4 d5 7. exd5 Nxd5 8. Re1
Bg4 9. h3 Bh5 10. g4 Bg6 11. Nxe5 Nxe5 12. Rxe5 Nb6 13. Bb3 Bd6 14. Bg5 Qd7 15.
Re1 Kh8 16. a5 Nc8 17. Nc3 Ne7 18. Ne4 Nc6 19. Nxd6 Qxd6 20. a6 b5 21. Qf3 Nd4
22. Qd5 Qxd5 23. Bxd5 c6 24. c3 Nc2 25. Bxc6 Rac8 26. Bb7 Nxe1 27. Rxe1 Rfe8 28.
Rd1 Rc7 29. Be3 b4 30. c4 Rxb7 31. axb7 Rb8 32. Bxa7 Rxb7 33. Bc5 b3 34. d4 h5
35. Kg2 f5 36. gxh5 Bxh5 37. Re1 Bf7 38. Rc1 Rc7 39. Rc3 g5 40. Kg3 Kg7 41. f4
Kf6 42. Rxb3 gxf4+ 43. Kxf4 Bxc4 44. Rb6+ Be6 45. b4 Kf7 46. Ke5 Bc8 47. d5 Rd7
48. Rb8 Rd8 49. Bd6 Re8+ 50. Kd4 Re4+ 51. Kc5 Bd7 52. Rb7 Ke8 53. Rb8+ Kf7 54.
b5 Be8 55. b6 f4 56. Rb7+ Kf6 57. Re7 1-0

[Event "London Classic Open 2016"]
[Site "London ENG"]
[Date "2016.12.10"]
[Round "3.78"]
[White "Ethelontis, Alexandros N"]
[Black "Caglar, Sila"]
[Result "1-0"]
[BlackTitle "WFM"]
[WhiteElo "2133"]
[BlackElo "1938"]
[WhiteFideId "405469"]
[BlackFideId "6364063"]
[EventDate "2016.12.09"]

1. c4 e5 2. g3 Nf6 3. Bg2 d5 4. cxd5 Nxd5 5. Nf3 Nc6 6. O-O Be7 7. d4 exd4 8.
Nxd4 Nxd4 9. Qxd4 Nf6 10. Qa4+ c6 11. Rd1 Qb6 12. Nc3 O-O 13. Qc2 Bg4 14. h3 Be6
15. e4 Qa5 16. Be3 Rfd8 17. a3 Bd6 18. Rxd6 Rxd6 19. e5 Rd7 20. exf6 gxf6 21.
Ne4 Kg7 22. Bd2 Qf5 23. Bc3 Bd5 24. Bxf6+ Kf8 25. Bc3 Re8 26. f3 Bxe4 27. fxe4
Qg5 28. Qf2 Rd3 29. Rf1 Qe3 30. Kh2 Qxf2 31. Rxf2 Red8 32. e5 Re3 33. a4 Rd1 34.
a5 a6 35. Bf1 Kg8 36. Bc4 Rd7 37. Rf4 Rxc3 38. bxc3 Rd2+ 39. Kg1 Rc2 40. Bxf7+
Kg7 41. Rf3 Re2 42. e6 Kf8 43. Bh5+ Ke7 44. Rf7+ Kxe6 45. Bxe2 1-0